| 000 | 00605nam a2200229Ia 4500 | ||
|---|---|---|---|
| 005 | 20250312053319.0 | ||
| 008 | 240331s9999 xx 000 0 und d | ||
| 020 | _a0415079063 | ||
| 082 |
_a301.02 _bCUL _23356 |
||
| 245 | 0 |
_aCulture, Media, Language: _bWorking Papers in Cultural Studies, 1972-79 |
|
| 260 |
_aNew York; _aLondon, _bRoutledge _c1980 |
||
| 300 | _a311 p., | ||
| 650 | _aEthnography | ||
| 650 | _aMedia Studies | ||
| 650 | _aLanguage | ||
| 650 | _aCulture | ||
| 700 |
_aHall, S _eedt |
||
| 700 |
_aHobson, D _eedt |
||
| 700 |
_aLowe, A _eedt |
||
| 700 |
_aWillis, P _eedt |
||
| 942 | _cL | ||
| 999 |
_c1060 _d1060 |
||